Análisis y diseño orientado a objetos con UML y el proceso unificado

Bibliographic Details
Main Author: Schach, Stephen R.
Format: Section = Libro
Language:Undetermined
Spanish
Published: México México 2005
Subjects:
LEADER 00673nam a2200217Ia 4500
008 240830s9999 xx 000 0 und d
020 |a 970-10-4982-9 
040 |a B-ESTELÍ- RUACS / 004.2 S291 
041 |a spa 
082 |a 004.2 S291  
100 1 |a Schach, Stephen R. 
245 1 0 |a Análisis y diseño orientado a objetos con UML y el proceso unificado 
260 |a México  |b México  |c 2005 
300 |a 458 p:il 
650 7 |a ANÁLISIS Y DISEÑO ORIENTADO A OBJETOS UML 
650 7 |b  SISTEMAS DE INFORMACION WEB 
650 7 |c  PROCESO UNIFICADO WORKFLOWS 
650 7 |d  SISTEMAS DE ADMINISTRACION BASE DE DATOS. 
942 |c BK  |2 ddc 
991 |a TEXTO 
999 |c 10534